• 首页
  • 本馆介绍
  • 公告通知
  • 最新文献
  • 馆藏检索
  • 电子资源
  • 读者导购
  • 参考咨询
  • 我的图书馆
  • 登录
  • 详细信息显示
  • 放入我的书架
  • 预约/预借图书
  • 作者相关作品
  • 分类相关作品
  • 丛书相关作品
  • 出版社相关作品

书目信息

  • 表格格式
  • 工作单格式
  • 卡片格式
题名:
酒经
    
 
作者: 田晓娜 编著
分册:  
出版信息: 北京   中国戏剧出版社  
页数: 859页
开本: 26cm
丛书名:
单 册:
中图分类: TQ223.12 , TS976
科图分类: 81.2832
主题词: 乙醇-密度--数据--表 , 密度-乙醇--数据--表 , 乙醇-浓度--数据--表 , 浓度-乙醇--数据--表 , 乙醇-温度--数据--表 , 温度-乙醇--数据--表 , 家庭管理
电子资源:
ISBN:
000 00800nam0 2200301 45
001 1539793666
005 20150118110845.43
010    @dCNY296.00
100    @a19980526d em y0chiy0121 ea
101 0  @achi
102    @aCN@b110000
105    @ak z 000yy
200 10 @a酒经@Ajiu jing@f田晓娜编著@Ftian xiao na bian zhu
210    @a北京@c中国戏剧出版社
215    @a859页@d26cm
606    @a乙醇-密度@x数据@x表
606    @a密度-乙醇@x数据@x表
606    @a乙醇-浓度@x数据@x表
606    @a浓度-乙醇@x数据@x表
606    @a乙醇-温度@x数据@x表
606    @a温度-乙醇@x数据@x表
606 0  @a家庭管理
690    @aTQ223.12@v3
690    @aTS976@v4
692    @a81.2832@v2
701  0 @a田晓娜@Atian xiao na@4编著
801  0 @aCN@bTSSF@c20150118
905    @aZUCC@dTS976@eJY243
    
    酒经/田晓娜编著.-北京:中国戏剧出版社
    859页;26cm
    
    
    ISBN :CNY296.00
    
●
相关链接 在E读中查询图书 在五车中查询图书 在当当中查询图书 在豆瓣中查询图书


正题名:酒经     索取号:TS976/JY243         预约/预借

序号 登录号 条形码 馆藏地/架位号 状态 备注
1 7853139   278531395   学院路分馆/ [索取号:TS976/JY243] 在馆    
唐山师范学院图书馆 欢迎您!
大连网信软件有限公司© 版权所有